000 00744nam a2200253Ia 4500
003 OSt
005 20221005035503.0
006 a|||||r|||| 00| 0
007 ta
008 221004b |||||||| |||| 00| 0 urd d
020 _a8189461583 (hbk)
_c150
024 _a25118
037 _b4622, 31/12/2015, Kitabi Duniya
_cTextual
040 _aCRL
_cCRL
_burd
041 _2urd
_aurd
082 _aO168,2v, P8
100 _aDehlvi Mohammad Ahmed Anjum
_9588318
245 0 _aDastaan-e-natak
260 _aDelhi
_bKitabi Duniya India
_c2008
300 _a224p.
_ccm.
650 _aURDU DRAMA
942 _hO168,2v, P8
_cTEXL
_2cc
999 _c945220
_d945220